MARC

LEADER 00000nam0a2200000 4500
001 276943
005 20231101234953.0
035 |a (RuTPU)RU\TPU\book\300216 
090 |a 276943 
100 |a 20141127d1972 km y0rusy50 ca 
101 0 |a rus 
102 |a RU 
105 |a a z 001zy 
200 1 |a Исследование газовых месторождений и подземных хранилищ газа методами промысловой геофизики  |f Л. Б. Берман, В. С. Нейман  |g под ред. В. М. Запорожца 
210 |a Москва  |c Недра  |d 1972 
215 |a 216 с.  |c ил. 
320 |a Библиогр.: с. 210-214. 
606 1 |a Геофизика промысловая  |2 stltpush  |3 (RuTPU)RU\TPU\subj\51479  |9 70072 
606 1 |a Газовые месторождения  |x Геология  |2 stltpush  |3 (RuTPU)RU\TPU\subj\4643  |9 32890 
610 1 |a отложения 
610 1 |a газонасыщенность 
610 1 |a каротаж 
610 1 |a газ 
610 1 |a вода 
610 1 |a фильтрация 
610 1 |a вытеснение 
610 1 |a пласты 
610 1 |a свойства 
610 1 |a подземные хранилища 
610 1 |a геофизические исследования 
675 |a 550.83  |v 3 
675 |a 553.981  |v 3 
700 1 |a Берман  |b Л. Б.  |g Лев Борисович 
701 1 |a Нейман  |b В. С.  |g Вилен Семенович 
702 1 |a Запорожец  |b В. М.  |4 340 
801 1 |a RU  |b 63413507  |c 20141127 
801 2 |a RU  |b 63413507  |c 20220825  |g RCR 
942 |c BK